| 000 | 00427nam a22001577a 4500 | ||
|---|---|---|---|
| 003 | NUST - PNEC | ||
| 005 | 20170116181155.0 | ||
| 008 | 160111b xxu||||| |||| 00| 0 eng d | ||
| 040 | _cLIBRARY | ||
| 082 | _a658.404 USQ | ||
| 100 |
_915796 _aFaculty of business |
||
| 245 |
_aProject risk and procurement management _cFaculty of business |
||
| 260 | _cc.1968 | ||
| 650 |
_915798 _aProject Management _xMIS |
||
| 942 |
_2ddc _cBK |
||
| 999 |
_c71141 _d71141 |
||